| 000 | 00687nam a22002177a 4500 | ||
|---|---|---|---|
| 999 |
_c18130 _d18130 |
||
| 003 | AR-CdUCM | ||
| 008 | 190513b ||||| |||| 00| 0 spa d | ||
| 040 |
_aMUNICIPALIDAD PROVINCIAL DEL CUSCO _cBIBLIOTECA MUNICIPAL DEL CUSCO |
||
| 082 |
_a572 / _bF11 |
||
| 100 |
_aFábregas, Javier _938536 |
||
| 245 | _aEl hombre / | ||
| 260 |
_aBarcelona : _bBruguera, _c1962. |
||
| 300 |
_a297 páginas ; _c21 cm. _bilustraciones, |
||
| 440 |
_aEl mundo y el hombre _96695 |
||
| 505 | _aContenido : El origen de las razas -- Las razas ... | ||
| 650 |
_aEvolución _97012 |
||
| 650 |
_aOrigen del hombre _937837 |
||
| 650 |
_aLas razas _938537 |
||
| 942 |
_2ddc _cLIBROS |
||
| 945 |
_arah _d2019/05/13 |
||